000 00787cam a2200229 a 4500
001 137
003 BR-CuiBMT
005 20231114181750.0
008 230821s2021 mgb 000 0 por d
020 _a9786555180138
040 _aBR-CuiBMT
_cBR-CuiBMT
080 _22007
_a614.39
_x(81+469)
090 _a614.39(81+469)
_bS586s
100 1 _aSilva, Ricardo Augusto Dias da
245 1 3 _aOs sistemas de saúde brasileiro e português :
_bo que nos aproxima e nos distancia além do atlântico /
_cRicardo Augusto Dias da Silva.
260 _aBelo Horizonte :
_bFórum,
_c2021.
300 _a127 p. ;
_c21 cm
504 _aInclui bibliografia.
650 _aSistemas de saúde
_zBrasil
_zPortugal
650 _aSistemas de saúde
_xDireitos fundamentais
_zBrasil
_zPortugal
942 _2udc
_cLV
999 _c137
_d137